Najlepsi strzelcy z grupy spadkowej 2020 - Statystyki

Ogólne statystyki
  • Ten quiz został rozwiązany 32 razy
  • Średni wynik to 8 z 20
Statystyki odpowiedzi
# Klub Odpowiedź % Poprawnych
16 Górnik Zabrze Igor Angulo
91%
8 Wisła Kraków Paweł Brożek
69%
15 Zagłębie Lubin Damjan Bohar
59%
7 Wisła Kraków Jakub Błaszczykowski
56%
8 Zagłębie Lubin Filip Starzyński
53%
12 Górnik Zabrze Jesus Jimenez
53%
9 Zagłębie Lubin Bartosz Białek
50%
10 Raków Częstochowa Felicio Brown
41%
9 Zagłęnie Lubin Sasa Zivec
41%
6 Raków Częstochowa Sebastian Musiolik
41%
7 Wisła Płock Dominik Furman
38%
8 Raków Częstochowa Petr Schwarz
34%
6 Wisła Kraków Alon Turgeman
31%
8 Arka Gdynia Maciej Jankowski
31%
7 Arka Gdynia Michał Nalepa
31%
6 Raków Częstochowa Tomas Petrasek
28%
8 Arka Gdynia Marko Vejinovic
22%
5 Korona Kielce Adnan Kovacevic
16%
5 ŁKS Łódź Łukasz Sekulski
16%
5 Wisła Płock Giorgi Merebashvili
3%
Nie znaleziono quizów pasujących do podanych kryteriów
Rozkład punktacji
Procent ludzi z każdym wynikiem
Percentyl według liczby udzielonych odpowiedzi
Twoja historia wyników
Nie rozwiązałeś tego quizu